[Event "Adelaide Major op"]
[Site "Adelaide"]
[Date "2007.07.30"]
[Round "3"]
[White "McColl, Kevin"]
[Black "Short, Andrew"]
[Result "1/2-1/2"]
[WhiteElo "1900"]
[BlackElo "1666"]
[PlyCount "77"]
[EventDate "2007.07.17"]
[EventType "swiss"]
[EventRounds "5"]
[EventCountry "AUS"]
[SourceTitle "EXT 2010"]
[Source "ChessBase"]
[SourceDate "2010.11.25"]
[SourceVersion "1"]
[SourceVersionDate "2010.11.25"]
[SourceQuality "1"]

1. e4 e5 2. Nf3 Nc6 3. d4 exd4 4. Bc4 Nf6 5. e5 d5 6. Bb5 Ne4 7. Nxd4 Bd7 8. Bxc6 bxc6 9. 0-0 Bc5 10. f3 Ng5 11. Be3 Qe7 12. Nd2 Qxe5 13. Re1 Ne6 14. f4 Qf6 15. N2f3 0-0 16. Ne5 Be8 17. Ng4 Qd8 18. Nxe6 Bxe3+ 19. Rxe3 fxe6 20. Qd4 Qd6 21. Ne5 c5 22. Qd2 Rxf4 23. Rae1 Rf6 24. Ng4 Rg6 25. Ne5 d4 26. Rf3 Rf6 27. Rxf6 gxf6 28. Ng4 Qe7 29. Qh6 Bg6 30. Rf1 f5 31. Ne5 Qg7 32. Qf4 Kh8 33. Rf3 Rg8 34. Rg3 Qe7 35. Qh6 Qf6 36. Nxg6+ Rxg6 37. Rxg6 Qxg6 38. Qf8+ Qg8 39. Qf6+ 1/2-1/2

[Event "Adelaide University op"]
[Site "Adelaide"]
[Date "2004.07.10"]
[Round "3"]
[White "Tao, Trevor"]
[Black "McColl, Kevin"]
[Result "1-0"]
[WhiteElo "2439"]
[BlackElo "1872"]
[PlyCount "105"]
[EventDate "2004.07.10"]
[EventType "swiss"]
[EventRounds "7"]
[EventCountry "AUS"]
[SourceTitle "EXT 2006"]
[Source "ChessBase"]
[SourceDate "2005.11.24"]
[SourceVersion "1"]
[SourceVersionDate "2005.11.24"]
[SourceQuality "1"]

1. e4 d6 2. c4 c5 3. Nf3 Bg4 4. Be2 Bxf3 5. Bxf3 Nc6 6. Nc3 g6 7. 0-0 Bg7 8. d3 Nf6 9. Be3 0-0 10. Rb1 a6 11. a3 Nd7 12. Qd2 Nd4 13. Bd1 b5 14. cxb5 Nxb5 15. Nxb5 axb5 16. d4 cxd4 17. Bxd4 Bxd4 18. Qxd4 Qb6 19. Qxb6 Nxb6 20. Be2 Ra4 21. f3 Ra5 22. Rfc1 f5 23. Rc7 e6 24. Rc6 Nc4 25. Bxc4 bxc4 26. Rxc4 fxe4 27. Rxe4 Kf7 28. Rc1 Rb8 29. Re2 Rb7 30. Rc3 Rab5 31. b4 R5b6 32. Kf2 e5 33. Ke3 d5 34. Kd3 Ke6 35. Kc2 Kd6 36. Rc5 Ra7 37. Kb2 Rba6 38. Rd2 d4 39. f4 Rxa3 40. fxe5+ Ke6 41. Rxd4 Ra2+ 42. Kb3 R7a3+ 43. Kc4 Rxg2 44. Rd6+ Kf5 45. Rf6+ Kg5 46. Rf1 Rxh2 47. e6+ Kg4 48. Re5 Rc2+ 49. Kb5 Ra8 50. e7 Rb8+ 51. Ka4 Rb2 52. Re4+ Kg3 53. Rf8 1-0

[Event "AUS-ch reserves"]
[Site "Adelaide"]
[Date "2004.01.08"]
[Round "9.30"]
[White "Silas, Frank"]
[Black "McColl, Kevin"]
[Result "0-1"]
[WhiteElo "1843"]
[BlackElo "1881"]
[PlyCount "68"]
[EventDate "2003.12.??"]
[EventType "swiss"]
[EventRounds "11"]
[EventCountry "AUS"]
[SourceTitle "EXT 2005"]
[Source "ChessBase"]
[SourceDate "2004.11.15"]
[SourceVersion "1"]
[SourceVersionDate "2004.11.15"]
[SourceQuality "1"]

1. e4 d6 2. d4 Nf6 3. Nc3 g6 4. Bg5 Nbd7 5. Nf3 Bg7 6. Bc4 0-0 7. Qd2 e5 8. dxe5 Nxe5 9. Nxe5 dxe5 10. Qxd8 Rxd8 11. Nd5 Rd6 12. Bxf6 Bxf6 13. Nxc7 Rc6 14. Nxa8 Rxc4 15. 0-0-0 Be6 16. Rd6 Be7 17. Nb6 Bxd6 18. Nxc4 Bxc4 19. Rd1 Bc5 20. Rd8+ Kg7 21. Rc8 b6 22. Rc7 a5 23. a3 Bf1 24. f3 Bxg2 25. c3 Bxf3 26. b4 axb4 27. cxb4 Be3+ 28. Kb2 Bxe4 29. a4 Bd2 30. Kb3 Bd5+ 31. Ka3 e4 32. a5 bxa5 33. bxa5 Bxa5 34. Rc5 e3 0-1

[Event "AUS-ch reserves"]
[Site "Adelaide"]
[Date "2004.01.06"]
[Round "8.33"]
[White "McColl, Kevin"]
[Black "Murray, Russell"]
[Result "1-0"]
[WhiteElo "1881"]
[BlackElo "1727"]
[PlyCount "84"]
[EventDate "2003.12.??"]
[EventType "swiss"]
[EventRounds "11"]
[EventCountry "AUS"]
[SourceTitle "EXT 2005"]
[Source "ChessBase"]
[SourceDate "2004.11.15"]
[SourceVersion "1"]
[SourceVersionDate "2004.11.15"]
[SourceQuality "1"]

1. e4 e5 2. Nf3 Nf6 3. d4 Nxe4 4. Bd3 d5 5. Nxe5 Bd6 6. 0-0 0-0 7. Nc3 Nxc3 8. bxc3 Nd7 9. f4 Nf6 10. Qe1 Re8 11. Rb1 Ne4 12. c4 c6 13. cxd5 cxd5 14. c4 Nf6 15. cxd5 Nxd5 16. Bxh7+ Kxh7 17. Qe4+ Kg8 18. Qxd5 Bxe5 19. Qxd8 Rxd8 20. dxe5 b6 21. Be3 Bf5 22. Rb3 Rd3 23. Rxd3 Bxd3 24. Rc1 b5 25. Rc7 a5 26. g4 a4 27. Bc5 Be2 28. h3 Bc4 29. a3 g6 30. Kf2 Be6 31. Rb7 Bc4 32. Ke3 Kg7 33. Bd4 Kg8 34. f5 gxf5 35. gxf5 Rd8 36. h4 Bf1 37. h5 Bh3 38. e6 fxe6 39. f6 Rd5 40. f7+ Kf8 41. Bc3 Rf5 42. Bb4+ Kg7 1-0

[Event "AUS-ch reserves"]
[Site "Adelaide"]
[Date "2003.12.30"]
[Round "2.31"]
[White "Lindberg, Gordon"]
[Black "McColl, Kevin"]
[Result "1-0"]
[WhiteElo "1690"]
[BlackElo "1881"]
[PlyCount "53"]
[EventDate "2003.12.??"]
[EventType "swiss"]
[EventRounds "11"]
[EventCountry "AUS"]
[SourceTitle "EXT 2005"]
[Source "ChessBase"]
[SourceDate "2004.11.15"]
[SourceVersion "1"]
[SourceVersionDate "2004.11.15"]
[SourceQuality "1"]

1. e4 d6 2. d4 Nf6 3. Nc3 g6 4. Be3 c6 5. Qd2 b5 6. Bd3 Nbd7 7. Nf3 a6 8. h3 Bb7 9. e5 dxe5 10. dxe5 Nd5 11. Nxd5 cxd5 12. e6 fxe6 13. Ng5 e5 14. Ne6 Qc8 15. Nxf8 Nxf8 16. Bh6 Ne6 17. 0-0 Qc5 18. Be2 Qd4 19. Qa5 Kf7 20. Bg4 Nf4 21. Rfe1 Kf6 22. Bxf4 Qxf4 23. Qb6+ Kg5 24. Qxb7 Rhf8 25. Qxe7+ Kh6 26. Qh4+ Kg7 27. Qg3 1-0